01759cam a22003615i 4500999001700000003000900017005001700026008004100043020002500084020002200109040004500131082002700176245011400203264007600317300002800393336002600421337002800447338002700475490007600502504005100578520024500629650005500874650005500929650004000984650005001024650002701074653003401101655001701135700003701152700004301189942001201232952015301244 c27865d27836EG-ScBUE20191126112907.0081104s2007 enk f b 001 0 eng d a9780415599672 (pbk.) a0415599679 (pbk.) aDLCbengerdacDLCdDLCdOrLoBdEG-ScBUE04a327.102854678bINT22200aInternational relations and security in the digital age /cedited by Johan Eriksson and Giampiero Giacomello. 1aAbingdon, Oxon ;aNew York :bRoutledge/ Taylor & Francis Group,c2007. axx, 229 pages ;c22 cm. atextbtxt2rdacontent aunmediatedbn2rdamedia avolumebnc2rdacarrier0 aRoutledge advances in international relations and global politics ;v52 aIncludes bibliographical references and index. aExamines the impact of the information revolution on international and domestic security, attempting to remedy both the lack of theoretically informed analysis of information security and the US-centric tendency in the existing literature.  7aInternational relationsxComputer networks.2BUEsh 7aSecurity, InternationalxComputer networks.2BUEsh 7aInternetxPolitical aspects.2BUEsh 7aTechnology and international relations2BUEsh 7aCyberterrorism.2BUEsh bBUSBOLbMASPPSScNovember2019 vReading book1 aEriksson, Johan,d1967-eeditor.1 aGiacomello, Giampiero,d1959-eeditor. 2ddccBB 00102ddc40708BaccahaMAINbMAINc1STd2019-11-26ePurchaseg650.00l0o327.102854678 INTp000048365r2025-07-15 00:00:00v812.50w2019-11-26yBB